Freakonomics skrytá stránka všetkého

Gespeichert in:
Bibliographische Detailangaben
1. Verfasser: Levitt, Steven D.
Weitere Verfasser: Dubner, Stephen J., Demjánová, Zuzana
Format: Buch
Sprache:Slowakisch
Veröffentlicht: Bratislava Premedia Group 2011
Schlagworte:
Tags: Tag hinzufügen
Keine Tags, Fügen Sie das erste Tag hinzu!

MARC

LEADER 00000nam a2200000 4500
001 0147926
005 20240314094317.5
020 |a 978-80-970661-1-6 
041 0 |a slo 
044 |a SK 
245 1 0 |a Freakonomics  |b skrytá stránka všetkého  |c Steven D. Levitt, Stephen J. Dubner ; preložila: Zuzana Demjánová 
264 1 |a Bratislava  |b Premedia Group  |c 2011 
300 |a 313 s. 
610 2 0 |a psychológia ekonomická 
610 2 0 |a správanie 
610 2 0 |a spoločnosť 
610 2 0 |a myslenie ekonomické 
610 2 0 |a rodina 
610 2 0 |a výchova 
610 2 0 |a kriminalita 
100 1 |a Levitt, Steven D. 
700 1 |a Dubner, Stephen J. 
700 1 |a Demjánová, Zuzana